| 000 | 00457cam a2200145 4500500 | ||
|---|---|---|---|
| 005 | 20251012031724.0 | ||
| 041 | _afre | ||
| 042 | _adc | ||
| 100 | 1 | 0 |
_aMartin, Hervé _eauthor |
| 245 | 0 | 0 | _aAnnexe |
| 260 | _c2025. | ||
| 500 | _a83 | ||
| 786 | 0 | _nBulletin de l’Amitié Charles Péguy | 185 | 1 | 2025-05-13 | p. 95-96 | 0180-8567 | |
| 856 | 4 | 1 | _uhttps://shs.cairn.info/bulletin-de-l-amitie-charles-peguy-2025-1-page-95?lang=fr&redirect-ssocas=7080 |
| 999 |
_c1546345 _d1546345 |
||